| 000 -LEADER |
| fixed length control field |
00641cam a22001697a 4500 |
| 008 - FIXED-LENGTH DATA ELEMENTS--GENERAL INFORMATION |
| fixed length control field |
180718b2004 xxu||||| |||| 00| 0 eng d |
| 082 ## - DEWEY DECIMAL CLASSIFICATION NUMBER |
| Classification number |
I548x54 C394 |
| 100 ## - MAIN ENTRY--PERSONAL NAME |
| Personal name |
Chauhan, Swati |
| 245 ## - TITLE STATEMENT |
| Title |
Journalism today: principles practices and challenges |
| Statement of responsibility, etc. |
by Swati Chauhan and Navin Chandra |
| 260 ## - PUBLICATION, DISTRIBUTION, ETC. |
| Place of publication, distribution, etc. |
New Delhi |
| Name of publisher, distributor, etc. |
Kanishka |
| Date of publication, distribution, etc. |
2004 |
| 300 ## - PHYSICAL DESCRIPTION |
| Extent |
3vols. |
| 500 ## - GENERAL NOTE |
| General note |
Contents: v.1 Modern journalism: issues and approaches, 280p.;v.2Foundations of news and journalism, 324p.;v.3 Handbook of journalism style and substance, 244p. |
| 650 ## - SUBJECT ADDED ENTRY--TOPICAL TERM |
| Topical term or geographic name entry element |
Journalists |
| 650 ## - SUBJECT ADDED ENTRY--TOPICAL TERM |
| Topical term or geographic name entry element |
Press - India |
| 650 ## - SUBJECT ADDED ENTRY--TOPICAL TERM |
| Topical term or geographic name entry element |
Journalism - India |
| 700 ## - ADDED ENTRY--PERSONAL NAME |
| Personal name |
Chandra, Navin |